01603nam a2200325 i 4500003000900000005001700009008004100026040004600067041000800113082002800121092000700149099003600156100003500192245008400227264009800311300008000409336002200489337002400511338003300535504006300568546010200631650004700733650004500780856005700825905001300882942001900895999001700914952017300931952017301104EG-GICUC20260121101525.0251218s1943 ua ||||fr|||| 00| 0 ara d a EG-GICUCbarac EG-GICUCd EG-GICUCerda aara04221a343.623bم ح . ع04221 aLaw1 10 343.623 م ح . ع 19430 aمحمد فتحىeمؤلف.10aعلم النفس الجنائى :bعلما وعملا /cمحمد فتحى. 1aالقاهرة :bمطبعة لجنة التأليف والترجمة والنشر،c1943. a435 ؛ صفحةc24 سم.bإيضاحيات، صور، مثيليات ؛  2rda contentatext 2rda mediaaComputer 2rda carrieraOnline Resource aيحتوي على اراجاعات ببليوجرافية  aالنص أغلبه باللغة العربية مع بعض النصوص الإنجليزية14aعلم النفس الجنائى.2qrmak14aالإتجاة النفساني2qrmak40uhttps://fll.law.cu.edu.eg/fulltext/bks/B10-07150.pdf a75eYara 2ddcn0cBKe21 c51741d51741 00102ddc40718القانون الجنائيaCUbLAW1d2025-12-18l0oLaw1 10 343.623 م ح . ع 1943 1007150 C1pB10-07150r2025-12-18 20:28:14t1w2025-12-18yBK 00102ddc40708القانون الجنائيaCUbLAW1d2025-12-18l0oLaw1 10 343.623 م ح . ع 1943 1007151 C2pB10-07151r2025-12-18 20:28:52t2w2025-12-18yBK